| 000 | 01448nam0a22002531 4500 | ||
|---|---|---|---|
| 001 | rc\141922 | ||
| 005 | 20260406115411.0 | ||
| 035 | _a(NLR Aleph) 005413198 | ||
| 090 |
_a7395867 _c7395867 |
||
| 100 | _a20030307d1996 |||y0rusy50 ca | ||
| 101 | 0 | _arus | |
| 102 | _aRU | ||
| 105 | _ay ||||||||| | ||
| 200 | 1 |
_aКлиническая лабораторная диагностика - состояние и перспективы _eМатериалы науч.-практ. конф., г. Санкт-Петербург, 4-7 июня 1996 г. _fРедкол.: Эмануэль В.Л. и др. |
|
| 210 |
_aСПб. _cПолигр. компания "Репропринт" _d1996 |
||
| 215 |
_a314 с. _d20 |
||
| 300 | _aВ надзаг.: Рос. акад. наук, Науч. совет по физиол. наукам, Всерос. науч. о-во клинич. лаб. диагностики, Ассоц. мед. лаб. диагностики, Ком. по здравоохранению Мэрии Санкт-Петербурга, Науч.-практ. фирма "Абрис+" | ||
| 702 | 1 |
_aЭмануэль _bВ.Л. _gВладимир Леонидович _4340 |
|
| 712 | 0 | 2 |
_aРоссийская академия наук _bНаучный совет по физиологическим наукам _3RU\NLR\AUTH\8811662 _9295992 |
| 801 | 0 |
_aRU _bNLR _gpsbo |
|
| 801 | 1 |
_aRU _bELAR _2rusmarc |
|
| 852 |
_aNLR _j96-3/7949 |
||
| 942 | _cBOOK | ||
| 980 | _aNB | ||